Poderes-deberes del juez en el proceso civil /
Guardado en:
| Autor Principal: | |
|---|---|
| Otros Autores: | |
| Formato: | Libro |
| Idioma: | Spanish |
| Publicado: |
Ciudad Autónoma de Buenos Aires :
Astrea,
2014.
|
| Edición: | 1a. ed. |
| Materias: | |
| Etiquetas: |
Agregar Etiqueta
Sin Etiquetas, Sea el primero en etiquetar este registro!
|
| LEADER | 00730nam a22001815a 4500 | ||
|---|---|---|---|
| 001 | DER.der014208 | ||
| 008 | 191004s2014####ag#######b####000#0#spa#d | ||
| 005 | 20250814165316.0 | ||
| 245 | 1 | 0 | |a Poderes-deberes del juez en el proceso civil / |c Mario Masciotra ; prólogo de Osvalodo A. Gozaíni. |
| 250 | |a 1a. ed. | ||
| 260 | |a Ciudad Autónoma de Buenos Aires : |b Astrea, |c 2014. | ||
| 300 | |a 462 p. | ||
| 505 | 0 | |a Dirección del proceso. Decisión. Ejecución. Coerción. Poderes oficiosos. Iniciativa probatoria. Discrecionalidad. Jurisprudencia aplicable | |
| 020 | |a 9789877060232 | ||
| 100 | 1 | |a Masciotra, Mario. | |
| 700 | 1 | |a Gozaíni, Osvaldo A., |e prol. | |
| 650 | 7 | |a DERECHO PROCESAL CIVIL | |
| 859 | |a DERECHO |b BIB. DERECHO |h 347.05 |i MAS |p 009457 | ||
